000 02226cam a2200265 4500
001 7307
005 20181127183346.0
008 050418s2005 xxka b 001 0 eng
010 _a 2005046192
020 _a1843767899
082 0 0 _a332.1/1/094
_222
100 _aMasciandaro, Donato .
_b
_c
_d
_eeditor
_q
245 0 0 _aHandbook of central banking and financial authorities in Europe :
_bnew architectures in the supervision of financial markets /
_cedited by Donato Masciandaro.
260 _aCheltenham, UK ;
_aNorthhampton, MA :
_bE. Elgar Pub.,
_cc2005.
300 _axiv, 566 p. :
_bill. ;
_c22 cm.
504 _aIncludes bibliographical references and index.
505 _aForeword / Charles Goodhart -- Introduction / Mario Monti -- 1. Central banks as monetary authorities and financial stability / Alicia Garcia Herrero and Pedro del Rio -- 2. The role of central banks in fostering financial stability / Sander Oosterloo and Jakob de Haan -- 3. Central banks and single financial authorities : economics, politics and law / Donato Masciandaro -- 4. Integrated agencies and the role of central banks / David T. Llewellyn -- 5. United Kingdom / Andrew Sykes and Terry Allen -- 6. Austria / Andreas Grunbichler -- 7. Denmark / Henrik Bjerre-Nielsen -- 8. Sweden / Ingrid Bonde -- 9. Norway / Bjorn Skogstad Aamo -- 10. Estonia / Lelo Liive -- 11. Hungary / Laszlo Balogh.
_g
_r
_t
520 _a"Analyzing ongoing changes in the design of regulatory and supervisory authorities over the banking and financial industry in Europe, this comprehensive Handbook pays particular attention to the role of national central banks, the new financial supervisory authorities and the European Central Bank (ECB)." "This essential Handbook is a major multidisciplinary work and will be of great value to scholars and academics - principally in economics, finance and European studies but also politics and law - as well as regulators and supervisory institutions."
610 2 0 _aEuropean Central Bank.
650 0 _aBanking law
_zEurope.
650 0 _aBanks and banking, Central
_zEurope.
650 0 _aFinancial institutions
_zEurope.
700 1 _aMasciandaro, Donato,
_d1961-
999 _c6228
_d6228